• 首页
  • 本馆介绍
  • 公告通知
  • 最新文献
  • 馆藏检索
  • 电子资源
  • 读者导购
  • 参考咨询
  • 我的图书馆
  • 登录
  • 详细信息显示
  • 放入我的书架
  • 预约/预借图书
  • 作者相关作品
  • 分类相关作品
  • 丛书相关作品
  • 出版社相关作品

书目信息

  • 表格格式
  • 工作单格式
  • 卡片格式
题名:
期货法律法规
    
 
作者: ;期货从业人员资格考试专用教材编写组 编
分册:  
出版信息: 北京   北京理工大学出版社  2017
页数: 154页
开本: 24cm
丛书名:
单 册:
中图分类: D922.287.4
科图分类:
主题词: 期货交易--法规--中国--资格考试--自学参考资料
电子资源:
ISBN: 978-7-5682-3664-5
000 00950nam0 2200241 450
001 012001004173
005 20140928162349.0
010    @a978-7-5682-3664-5@dCNY35.00
100    @a20170802d2017 em y0chiy50 ea
101 0  @achi
102    @aCN@b110000
105    @ay zn 000yy
106    @ar
200 1  @a期货法律法规@9qi huo fa lv fa gui@f期货从业人员资格考试专用教材编写组编
210    @a北京@c北京理工大学出版社@d2017
215    @a154页@d24cm
300    @a期货从业人员资格考试专用教材
330    @a本书由行政法规、部门规章与规范性文件、协会自律规则、其他四部分构成,涵盖了期货交易管理条例、期货投资者保障基金管理办法、期货交易所管理办法等具体内容。
606 0  @a期货交易@x法规@y中国@x资格考试@j自学参考资料
690    @aD922.287.4@v5
711 02 @a期货从业人员资格考试专用教材编写组@9qi huo cong ye ren yuan zi ge kao shi zhuan yong jiao cai bian xie zu@4编
801  0 @aCN@b上海新华@c20180901
905    @b1170295-9@dD922.287.4@e2024@f5
    
    期货法律法规/期货从业人员资格考试专用教材编写组编.-北京:北京理工大学出版社,2017
    154页;24cm
    期货从业人员资格考试专用教材
    
    ISBN 978-7-5682-3664-5:CNY35.00
    本书由行政法规、部门规章与规范性文件、协会自律规则、其他四部分构成,涵盖了期货交易管理条例、期货投资者保障基金管理办法、期货交易所管理办法等具体内容。
●
相关链接 在E读中查询图书 在五车中查询图书 在当当中查询图书 在豆瓣中查询图书


正题名:期货法律法规     索取号:D922.287.4/2024         预约/预借

序号 登录号 条形码 馆藏地/架位号 状态 备注
1 1170295   211702950   第一样本阅览室/ [索取号:D922.287.4/2024] 在馆    
2 1170296   211702969   第一借阅区/ [索取号:D922.287.4/2024] 在馆    
3 1170297   211702978   密集书库-史法系/ [索取号:D922.287.4/2024] 在馆    
4 1170298   211702987   第一借阅区/ [索取号:D922.287.4/2024] 在馆    
5 1170299   211702996   第一借阅区/ [索取号:D922.287.4/2024] 在馆    
唐山师范学院图书馆 欢迎您!
大连网信软件有限公司© 版权所有